| 000 | 00492nam a2200181 4500 | ||
|---|---|---|---|
| 003 | AR-RoIUNI | ||
| 005 | 20250821143410.0 | ||
| 008 | 250821b |||||||| |||| 00| 0 spa d | ||
| 040 | _cAR-RoIUNI | ||
| 080 | _a159.9 | ||
| 100 | _aGalli Ariana, Camila | ||
| 245 |
_aTransferencia en las instituciones de salud mental _cGalli Ariana, Camila |
||
| 260 |
_aROSARIO _bIUNIR _c2025 |
||
| 650 |
_aPsicologia _9108 |
||
| 650 | _aSalud mental | ||
| 700 | _aGalli Ariana, Camila | ||
| 942 |
_2cdu _cTIFO |
||
| 999 |
_c6217 _d6217 |
||